Guide to specification (Record no. 115230)

MARC details
000 -LEADER
fixed length control field 01165cam a22002535a 4500
001 - CONTROL NUMBER
control field L158263
008 - FIXED-LENGTH DATA ELEMENTS--GENERAL INFORMATION
fixed length control field 141117s2014 xxk f 000 0 eng d
020 ## - INTERNATIONAL STANDARD BOOK NUMBER
International Standard Book Number 9780956945723
035 ## - SYSTEM CONTROL NUMBER
System control number (Sirsi) u158263
041 0# - LANGUAGE CODE
Language code of text/sound track or separate title eng
050 04 - LIBRARY OF CONGRESS CALL NUMBER
Classification number 725.23 $2 18
110 2# - MAIN ENTRY--CORPORATE NAME
Corporate name or jurisdiction name as entry element British Council for Offices
9 (RLIN) 3992
245 00 - TITLE STATEMENT
Title Guide to specification
Remainder of title 2014
260 ## - PUBLICATION, DISTRIBUTION, ETC.
Place of publication, distribution, etc. London
Name of publisher, distributor, etc. BCO
Date of publication, distribution, etc. 2014
300 ## - PHYSICAL DESCRIPTION
Extent 327p.
Dimensions 23cm
350 ## - PRICE (NR) (BK AM CF MU VM SE) [OBSOLETE]
Price 200
520 ## - SUMMARY, ETC.
Summary, etc. Outlines best practice in the specification for office buildings in the UK. Looks at changing practices in office based activities including the need for flexible office space and sustainabiliy issues such as BREEAM and LEED. Site issues includes planning, location, rights of light, mixed use, party wall considerations and re-use of existing builidngs. Considers space configurations, occupancy standards, building sercices, acoustics, finishes and fit out and building information modelling (BIM), health and safety, capital allowances and procurement.
590 ## - LOCAL NOTE (RLIN)
Local note KA
650 24 - SUBJECT ADDED ENTRY--TOPICAL TERM
Topical term or geographic name entry element OFFICES
651 #4 - SUBJECT ADDED ENTRY--GEOGRAPHIC NAME
Geographic name United Kingdom
Chronological subdivision
690 ## - LOCAL SUBJECT ADDED ENTRY--TOPICAL TERM (OCLC, RLIN)
Topical term or geographic name as entry element Commercial property
9 (RLIN) 6227
690 ## - LOCAL SUBJECT ADDED ENTRY--TOPICAL TERM (OCLC, RLIN)
Topical term or geographic name as entry element Sustainability
9 (RLIN) 6271
942 ## - ADDED ENTRY ELEMENTS (KOHA)
Suppress in OPAC 0
Holdings
Withdrawn status Lost status Source of classification or shelving scheme Damaged status Not for loan Home library Current library Shelving location Date acquired Total Checkouts Full call number Barcode Date last seen Copy number Price effective from Koha item type
    Dewey Decimal Classification     London London Books 17/11/2014   725.23 BRI 30078266 06/08/2019 1 06/08/2019 Book